000 00778nam a22002057a 4500
003 OSt
005 20240918152620.0
008 240918b ||||| |||| 00| 0 eng d
040 _cAIMIT LIBRARY
100 _aRodrigues, Veniston Francis.
_e2216227
_9179355
245 _aStudy on attitude and intention of investors investing in stock market with reference to GEOJIT Financial Services Ltd. Honnavar /
_cBy Veniston Francis Rodrigues; Guided by Harinakshi
260 _aHonnavar
_c2024
650 _aLiterature review
_9179356
650 _aconceptual framework
_9179357
650 _aSampling design
_9179358
650 _aData analysis and interpretation
_9179359
700 _aHarinakshi
_eGuide
_9179360
856 _3GEOJIT Financial Services Ltd.
942 _2ddc
_cPRO
999 _c231828
_d231828